000 00640nam a2200193Ia 4500
003 GCL
008 140319s9999 xx 000 0 ara d
040 _aGCL /
_cGCL
082 0 4 _a910.02
_bج ت
100 1 _aمحمود محمد عاشور
245 1 0 _aالتغييرات البيئية: جغرافية الزمن الرابع /
_cمحمود محمد عاشور
700 1 _aجودى، اندرسن
300 _a330 ص
490 _aالهيئة العامة للاستعلامات
_v0
650 0 4 _aالبيئة
650 0 4 _aالجغرافيا الطبيعية
650 0 4 _aالعصور الجيولوجية
942 _2ddc
_cBK
999 _c50098
_d50098